Influence of integrated nutrient-tillage-water management on organic C. N and P status in typic haplustept under rice-wheat and maize-wheat cropping systems / (Record no. 9542)

MARC details
000 -LEADER
fixed length control field 01084nam a22002777a 4500
001 - CONTROL NUMBER
control field BD-DhSAU 9542
003 - CONTROL NUMBER IDENTIFIER
control field BD-DhSAU
005 - DATE AND TIME OF LATEST TRANSACTION
control field 20190225182602.0
008 - FIXED-LENGTH DATA ELEMENTS--GENERAL INFORMATION
fixed length control field 150620b2005 bg a||||r|||| 000 0 eng d
040 ## - CATALOGING SOURCE
Original cataloging agency BD-DhSAU
082 ## - DEWEY DECIMAL CLASSIFICATION NUMBER
Edition number 22
Classification number 631.4
Item number P2812
100 ## - MAIN ENTRY--PERSONAL NAME
Personal name Paul, Alok Kumar
245 ## - TITLE STATEMENT
Title Influence of integrated nutrient-tillage-water management on organic C. N and P status in typic haplustept under rice-wheat and maize-wheat cropping systems /
Remainder of title Ph.D. Thesis
Statement of responsibility, etc. by Alok Kumar Paul.
260 ## - PUBLICATION, DISTRIBUTION, ETC. (IMPRINT)
Place of publication, distribution, etc. Indian Agricultural Research Institute :
Name of publisher, distributor, etc. Division of Soil Science and Agricultural Chemistry,
Date of publication, distribution, etc. 2003.
300 ## - PHYSICAL DESCRIPTION
Extent xx, 80 p. :
Other physical details ill. ;
Dimensions 30 cm.
500 ## - GENERAL NOTE
General note Ph.D thesis of Division of Soil Science and Agricultural Chemistry, Indian Agricultural Research Institute, New Delhi, India.
590 ## - Name of Cataloguer
Name of Cataloger joy
650 ## - SUBJECT ADDED ENTRY--TOPICAL TERM
Topical term or geographic name as entry element Chemistry
650 ## - SUBJECT ADDED ENTRY--TOPICAL TERM
Topical term or geographic name as entry element Soil science
650 ## - SUBJECT ADDED ENTRY--TOPICAL TERM
Topical term or geographic name as entry element Integrated nutrient-tillage-water management
650 ## - SUBJECT ADDED ENTRY--TOPICAL TERM
Topical term or geographic name as entry element Rice-wheat
650 ## - SUBJECT ADDED ENTRY--TOPICAL TERM
Topical term or geographic name as entry element Maize-wheat
700 ## - ADDED ENTRY--PERSONAL NAME
Personal name Rattan, R. K.
Relator term Chairman
700 ## - ADDED ENTRY--PERSONAL NAME
Personal name Nad, B. K.
Relator term Co-chairman
942 ## - ADDED ENTRY ELEMENTS (KOHA)
Source of classification or shelving scheme Dewey Decimal Classification
Koha item type PhD Thesis
Holdings
Withdrawn status Lost status Source of classification or shelving scheme Damaged status Not for loan Collection code Home library Branch Name Shelving location Date acquired Total Checkouts Full call number Barcode Date last seen Price effective from Koha item type
    Dewey Decimal Classification   Not For Loan Reference SAU Library SAU Library Reference 20/06/2015   631.4 P2812 39018 20/06/2015 20/06/2015 MS Level Thesis